UM Logo

An examination of pro-stakeholder unethical behavior in the sales ethics subculture / (Record no. 18361)

MARC details
000 -LEADER
fixed length control field 01058nam a22002537a 4500
003 - CONTROL NUMBER IDENTIFIER
control field OSt
005 - DATE AND TIME OF LATEST TRANSACTION
control field 20250909144046.0
008 - FIXED-LENGTH DATA ELEMENTS--GENERAL INFORMATION
fixed length control field 231018b ||||| |||| 00| 0 eng d
040 ## - CATALOGING SOURCE
Transcribing agency 0
082 ## - DEWEY DECIMAL CLASSIFICATION NUMBER
Classification number DPer 658.8005 J826 Winter-Fall 2020 v. 28 n. 1-4
100 ## - MAIN ENTRY--PERSONAL NAME
Personal name Merkle, Adam C.
Relator term author.
9 (RLIN) 49704
245 ## - TITLE STATEMENT
Title An examination of pro-stakeholder unethical behavior in the sales ethics subculture /
Statement of responsibility, etc. Adam C. Merkle, Joe F. Hair, Jr. , O. C. Ferrell, Linda K. Ferrell, and Bob G. Wood.
260 ## - PUBLICATION, DISTRIBUTION, ETC. (IMPRINT)
Place of publication, distribution, etc. Philadelphia ;
Name of publisher, distributor, etc. Taylor & Francis Group ,
Date of publication, distribution, etc. Fall 2020.
300 ## - PHYSICAL DESCRIPTION
Extent Volume 28, pages 418-435 :
Other physical details illustration ;
Dimensions 28 cm.
500 ## - GENERAL NOTE
General note Journal of Marketing Theory and Practice, vol. 28, no. 4, pages 418-435, Fall 2020.
650 ## - SUBJECT ADDED ENTRY--TOPICAL TERM
Topical term or geographic name as entry element Sales personnel.
9 (RLIN) 49705
650 ## - SUBJECT ADDED ENTRY--TOPICAL TERM
Topical term or geographic name as entry element Bad behavior.
9 (RLIN) 18460
700 ## - ADDED ENTRY--PERSONAL NAME
Personal name Merkle, Adam C.
Relator term author.
9 (RLIN) 49704
700 ## - ADDED ENTRY--PERSONAL NAME
Personal name Hair, Joe Jr. F.
Relator term author.
9 (RLIN) 49706
700 ## - ADDED ENTRY--PERSONAL NAME
Personal name Ferrell, O. C.
Relator term author.
9 (RLIN) 12315
700 ## - ADDED ENTRY--PERSONAL NAME
Personal name Ferrell, Linda K.
Relator term author.
9 (RLIN) 49707
700 ## - ADDED ENTRY--PERSONAL NAME
Personal name Wood, Bob G.
Relator term author.
9 (RLIN) 49708
942 ## - ADDED ENTRY ELEMENTS (KOHA)
Source of classification or shelving scheme Dewey Decimal Classification
Koha item type Periodicals
Holdings
Withdrawn status Lost status Source of classification or shelving scheme Damaged status Not for loan Collection code Home library Current library Date acquired Total Checkouts Full call number Date last seen Price effective from Koha item type Public note
    Dewey Decimal Classification     Periodicals UM Digos College - LIC UM Digos College - LIC 10/18/2023   DPer 658.8005 J826 Winter-Fall 2020 v. 28 n. 1-4 10/18/2023 10/18/2023 Periodicals Periodical Article